Lyrics to 'Just Give Me a Reason' by Pink - Statistics

General Stats
  • This quiz has been taken 73 times
  • The average score is 341 of 410
Answer Stats
Answer % Correct
a
100%
give
100%
I
100%
Just
100%
just
100%
me
100%
reason
100%
little
98%
love
98%
No
98%
to
98%
again
96%
learn
96%
not
96%
we
96%
were
96%
we're
96%
We're
96%
Where
96%
in
94%
And
92%
and
92%
can
92%
enough
92%
second
92%
broken
91%
it
89%
the
89%
You
89%
you
89%
been
87%
my
87%
My
87%
our
87%
so
87%
heart
85%
bit's
83%
is
83%
It's
83%
it's
83%
That
83%
that
83%
your
83%
Your
83%
from
79%
of
79%
Of
79%
oh
77%
Oh
77%
stars
77%
written
77%
all
74%
bent
74%
this
72%
bad
70%
don't
70%
on
70%
scars
70%
you're
70%
You're
70%
you've
70%
had
68%
I'm
68%
never
68%
start
68%
stole
68%
thought
68%
We'll
68%
coming
66%
every
66%
have
66%
hearts
66%
Right
66%
say
66%
see
66%
Tell
66%
us
66%
as
64%
sleep
64%
talking
64%
Things
64%
but
62%
But
62%
dreams
62%
mind
62%
nothing
62%
come
60%
fine
60%
for
60%
Now
60%
pretty
60%
real
60%
sorry
60%
fix
58%
head
58%
still
58%
them
58%
thief
58%
understand
58%
victim
58%
clean
57%
close
57%
having
57%
let
57%
weren't
57%
with
57%
everything
55%
I'll
55%
more
55%
willing
55%
Between
53%
empty
53%
parts
53%
running
53%
than
53%
touch
53%
sheets
51%
wild
51%
fixed
49%
lie
49%
seems
49%
Yeah
49%
dear
47%
love's
45%
pouring
45%
There's
45%
used
45%
holding
43%
I've
38%
tear
38%
collecting
36%
dust
34%
happening
34%
drink
32%
rust
30%
stopped
30%
ducts
21%
No matching quizzes found
Score Distribution
Percent of People with Each Score
Percentile by Number Answered
Your Score History
You have not taken this quiz